[Event "Elitserien Allsvenskan 2017-18"]
[Site "Lund"]
[Date "2017.10.22"]
[Round "3"]
[White "Hauge, Lars Oskar"]
[Black "Bator, Robert"]
[Result "1/2-1/2"]
[WhiteElo "2433"]
[BlackElo "2401"]
[Annotator "TA"]
[PlyCount "203"]
[EventDate "2017.??.??"]
[EventCountry "SWE"]
[SourceTitle "playchess.com"]
[Source "ChessBase"]
[SourceQuality "1"]

{[%evp 9,203,-10,-8,-5,-16,-14,-10,-18,-21,-19,-13,-54,-24,-47,-35,-47,-37,-41,-57,-55,-50,-48,13,9,13,4,11,16,8,-34,93,90,78,0,23,-4,16,16,93,81,91,83,165,168,133,84,125,129,179,90,94,79,90,75,130,113,193,177,163,145,123,122,132,126,129,130,199,196,203,145,203,196,191,137,137,141,208,184,179,0,206,204,183,147,201,184,167,98,79,14,20,16,16,14,14,14,14,0,0,0,0,0,0,0,0,0,0,0,22,22,59,59,59,59,169,59,94,59,175,54,54,0,167,54,54,54,54,54,93,0,0,0,0,0,0,0,0,0,0,0,119,0,157,0,0,0,0,0,0,0,8,8,41,0,0,0,0,0,0,0,2347,1920,1744,1718,1672,1174,686,0,0,0,0,0,0,0,0,0,0,0,0,0,0,0,0,0,0,0,0,0,0,0,0,0,0,0,0,0]} 1. d4 d5 2. c4 c6 3. cxd5 cxd5 4. Nc3 Nf6 5. f3 (5. Bf4 Nc6 6. e3 Bf5 7. Qb3 Na5 8. Qa4+ Bd7 9. Qc2 e6 10. Bd3 Be7 11. Nf3 Nc6 12. a3 Nh5 13. Be5 f6 14. Bf4 Nxf4 15. exf4 g6 {½-½ (80) Rapport,R (2675)-Najer,E (2707) Tbilisi 2017}) 5... Qb6 6. e3 {D10: Damengambit (Slawische Verteidigung)} Nc6 7. Bd3 $1 e5 $146 ({Vorgänger:} 7... Bd7 8. Nge2 e5 9. O-O Bd6 10. dxe5 Bxe5 11. f4 Bd6 12. Bc2 O-O-O {1-0 (35) Vedrickas,T (2392)-Ceponis,T (2117) Lithuania 2017}) 8. Nge2 Bd6 9. O-O a6 10. Bc2 O-O 11. dxe5 Bxe5 12. Nxd5 Nxd5 13. Qxd5 Be6 14. Qe4 {[%csl Gc2][%cal Re4h7]} f5 {[%mdl 1024] Schwarz hat Kompensation.} 15. Qa4 f4 (15... Rac8 $15) 16. Qe4 $11 Bf5 $1 {[%cal Rf5e4]} 17. Qc4+ Kh8 18. Bxf5 Rxf5 19. Qe4 Raf8 (19... Rff8 $15 {behält die Oberhand.}) 20. Kh1 $1 $16 {[%cal Re3f4]} fxe3 21. Rb1 (21. Bxe3 $16 Qa5 22. Nd4 Bxd4 23. Bxd4) 21... Qb5 22. Qxe3 Rh5 23. f4 Bb8 (23... Nd4 $11 {bleibt in der Remisbreite.} 24. Qa3 Rf6) 24. Bd2 Ba7 25. Qf3 Nd4 (25... Qd5 $16) 26. Nxd4 $18 Bxd4 27. Bc3 Bf6 28. Bxf6 Rxf6 {[#]} 29. Rbc1 (29. a4 $1 $18 {[%cal Ra4b5][%mdl 512]} Qe8 (29... Qxa4 30. Qxh5) 30. Rbe1 (30. Qxb7 h6 $18)) 29... h6 $16 30. Rc7 Rd5 31. h3 b6 (31... Rd3 $142 32. Rc8+ (32. Qxb7 Rxh3+ 33. Kg1 Rh1+ 34. Kxh1 Qxf1+ 35. Kh2 Qxf4+ 36. g3 Qf2+ 37. Qg2 Rf5 $17) 32... Kh7 33. Qe4+ Qf5 34. Qxf5+ (34. Qxb7 Rxh3+ 35. Kg1 Rg6 $11) 34... Rxf5) 32. Re1 $40 {[%mdl 128] Weiss riecht Blut.} Qd3 (32... Rc5 $16 33. Qa8+ Kh7 34. Qe4+ Rg6 35. Rxc5 Qxc5) 33. Qxd3 Rxd3 $18 {[%mdl 4096] Endspiel KTT-KTT} 34. Re8+ Kh7 35. Ree7 Rg3 36. Kh2 Rgg6 37. g3 h5 (37... Kg8 $16 {war nötig.} 38. b3 Re6) 38. h4 $1 Rf5 39. Rcd7 Rc5 (39... Rb5 $16) 40. Kh3 Rf5 41. Kg2 ({Besser ist} 41. Rd8 $18) 41... Rb5 $16 42. Kf3 Kh6 (42... Rxb2 $16 {war einen Versuch wert.} 43. f5 Rg4) 43. Rd2 Rf6 44. Rdd7 Rg6 $1 45. b3 Rc5 46. Rd3 a5 (46... Rf6 $16 {war angesagt.} 47. Rd8 Rc3+ 48. Kg2 Rc2+ 49. Kh3 Rxa2) 47. Re5 $18 Rc2 48. f5 (48. Rdd5 $18 {[%csl Gd5][%cal Re5h5]} Rc3+ 49. Ke4 Rgxg3 50. Rxh5+ Kg6 51. Rhg5+ Rxg5 52. hxg5 (52. Rxg5+ Kf7 $16) (52. fxg5 Rh3 $16)) 48... Rf6 $16 49. Re6 (49. a4 $16) 49... Rxa2 $11 50. Rdd6 (50. Rxf6+ {with more complications.} gxf6 51. Rd6 Kg7 52. Rxb6 a4 53. Rb7+) 50... Rxe6 $1 51. Rxe6+ {KT-KT} Kh7 52. Rxb6 a4 53. Kf4 Rb2 54. Rb4 a3 55. Rb7 Rf2+ (55... a2 $5 56. Ra7 $8 Kg8 $14) 56. Ke4 a2 57. Ra7 Rb2 58. f6 a1=Q 59. Rxa1 {Schwarz muss nun f7 beachten.} gxf6 60. Ra7+ $1 Kg6 61. Rb7 Rg2 (61... Re2+ $14 62. Kf3 Rc2) 62. Kf3 (62. Rb8 $1 $18) 62... Rb2 63. Rb5 Rb1 (63... Rc2 $14) 64. Rb8 (64. b4 $1 $18) 64... Kf5 $1 $14 65. Rb5+ (65. Rb7 $14) 65... Kg6 $1 $18 66. Rb4 ({Weiss kommt nicht vorbei an} 66. b4 $1 $18) 66... Rf1+ $14 67. Ke2 Rg1 68. Kf2 Rb1 69. g4 (69. Rb5 $16) 69... hxg4 $11 70. Rxg4+ Kh5 71. Rb4 Rb2+ 72. Kg3 Rb1 73. Rb5+ Kg6 74. h5+ Kg7 {[#]} (74... Kh6 $11) 75. Kg4 (75. b4 $1 $16) 75... Rf1 $2 {[#]} ({Günstiger ist} 75... Rg1+ $1 $11 76. Kf3 Rf1+ 77. Ke4 Rh1) 76. Rf5 $2 (76. b4 $1 $16) 76... Rg1+ 77. Kf4 Rb1 78. Rb5 Rf1+ 79. Ke4 Re1+ 80. Kd3 {Droht Tc5 und aus.} Rf1 81. b4 {[%cal Bb3b4,Bb4b5][%mdl 32]} f5 $1 82. Rb6 {Und b5 würde nun gewinnen.} Rh1 {[#]} 83. h6+ $1 {[%mdl 512]} Kh7 $1 (83... Rxh6 84. Rxh6) 84. Kd4 f4 $2 {[%mdl 8192]} (84... Re1 $11) 85. Ke4 $18 Rf1 86. b5 f3 87. Ke3 Kh8 88. Rf6 $2 ({Weiss braucht} 88. Rb7 $18 Rh1 89. b6 Rxh6 90. Rb8+ Kg7 91. Kxf3) 88... Rb1 $1 $11 {Die Stellung ist ausgeglichen.} 89. b6 {Td6 ist eine echte Drohung.} Rb3+ 90. Kd4 f2 91. Kc5 Rb2 92. Kc6 Kh7 93. Kc7 Rc2+ 94. Kd7 Rb2 95. Kc6 Rc2+ 96. Kb7 Rb2 97. Ka7 Ra2+ 98. Kb8 Rb2 99. b7 {Droht stark Kc7.} Rc2 100. Ka7 Ra2+ 101. Kb6 Rb2+ 102. Ka7 {Precision: Weiß = 42%, Schwarz = 57%.} 1/2-1/2

[Event "Elitserien Allsvenskan 2017-18"]
[Site "Lund"]
[Date "2017.10.22"]
[Round "3"]
[White "Von Bahr, Oskar"]
[Black "Antonsen, Mikkel"]
[Result "0-1"]
[WhiteElo "2431"]
[BlackElo "2445"]
[Annotator "TA"]
[PlyCount "73"]
[EventDate "2017.??.??"]
[EventCountry "SWE"]
[SourceTitle "playchess.com"]
[Source "ChessBase"]
[SourceQuality "1"]

{[%evp 21,73,27,11,10,25,0,6,0,12,15,56,49,46,30,26,31,76,12,28,15,58,54,67,62,48,47,95,92,89,37,77,-177,-189,-552,-682,-681,-666,-655,-639,-625,-620,-533,-283,-291,-277,-260,-261,-594,-550,-613,-604,-617,-534,-29982]} 1. e4 e5 2. Nf3 Nf6 3. Nxe5 d6 4. Nf3 Nxe4 5. Nc3 Nxc3 6. dxc3 Be7 7. Be3 O-O 8. Qd2 {C42: Petroff Defence: 3 Nxe5 and unusual White 3rd moves} Nd7 {[%cal Bb8d7,Bd7b6,Bb6d5][%mdl 32]} 9. O-O-O c6 10. Kb1 d5 11. c4 Nb6 {LiveBook: 3 Games} 12. cxd5 Nxd5 13. Bc4 {[%cal Rc4d5]} Be6 14. Rhe1 {[#]} Bf6 $146 ({Predecessor:} 14... Bb4 15. c3 Be7 {½-½ (26) Vachier Lagrave,M (2744)-Giri,A (2793) Baku 2015}) 15. Bd4 b5 16. Bb3 a5 {[%cal Ba7a5,Ba5a4][%mdl 32]} 17. a3 a4 18. Ba2 Be7 19. c4 (19. Be5 $16) 19... bxc4 $11 20. Bxc4 Rb8 {[%cal Ba8b8,Bb8b6,Bb6b2][%mdl 32] next ...Bxa3 is good for Black.} 21. Ka1 Bf6 22. Be5 Bxe5 23. Nxe5 Rb6 24. Qd4 Qc7 25. Rd3 (25. Nd3 $16) 25... Rfb8 {White must now prevent ...c5.} 26. Rg3 $2 {[%mdl 8192] [#]} (26. Rd2 $1 $16 {keeps the pressure on.}) 26... c5 $1 $19 {[%cal Rc5d4]} 27. Qh4 $2 (27. Qd1 {is tougher.} Rxb2 28. Bxd5 Rb1+ 29. Qxb1 Rxb1+ 30. Rxb1 Qxe5+ 31. Rb2) 27... Rxb2 {( -> ...Rb1+!)} 28. Rxg7+ Kxg7 29. Qg5+ {[#]} Kf8 $1 {And now ...Nc3 would win.} ({Not} 29... Kh8 30. Bxd5 Rxf2 31. Bxe6 $11) 30. Qh6+ Ke8 31. Nxf7 {[#]} Rb1+ $1 {[%mdl 512]} 32. Rxb1 Rxb1+ 33. Kxb1 Qxf7 34. Qd2 $2 (34. Bd3) 34... Qg6+ {Black is clearly winning.} 35. Bd3 Qxg2 36. Qe1 Qh3 37. Qe5 {Precision: White = 38%, Black = 56%.} 0-1

[Event "Elitserien Allsvenskan 2017-18"]
[Site "Lund"]
[Date "2017.10.22"]
[Round "3"]
[White "Jepson, Christian"]
[Black "Burwick, Malte"]
[Result "0-1"]
[WhiteElo "2417"]
[BlackElo "2236"]
[Annotator "TA"]
[PlyCount "132"]
[EventDate "2017.??.??"]
[EventCountry "SWE"]
[SourceTitle "playchess.com"]
[Source "ChessBase"]
[SourceQuality "1"]

{[%evp 26,132,61,59,60,65,75,76,77,66,77,24,8,57,154,-19,163,66,216,123,173,27,191,141,231,129,272,0,0,-155,-66,-153,0,0,0,-459,-454,-428,-429,-552,-144,-146,-137,-233,-199,-255,-248,-231,-177,-170,-145,-172,-117,-127,-122,-170,-162,-469,-469,-468,-456,-450,-102,-111,-113,-160,-115,-108,-111,-97,-90,-138,-133,-161,-167,-664,-620,-762,-755,-717,-694,-666,-268,-268,-268,-460,-454,-498,-485,-590,-576,-1091,-29942,-6617,-5077,-29970,-1387,-29975,-29976,-29970,-29970,-29986,-29984,-29983,-29984,-29991,-29984,-29984,-29984]} 1. c4 Nf6 2. Nc3 g6 3. e4 d6 4. d4 Bg7 5. Nf3 O-O 6. Be2 e5 7. d5 a5 8. Bg5 h6 9. Be3 Ng4 {E92: King's Indian: Classical: 6 Be2 e5: 7 dxe5, 7 Be3 and Petrosian System without 7...Nbd7} 10. Bd2 f5 11. h3 Nf6 12. exf5 gxf5 13. Qc1 Kh7 (13... f4 14. g3 e4 15. Nh4 e3 16. fxe3 fxg3 17. Ng6 {½-½ (69) Erdos,V (2628)-Amin,B (2680) Tbilisi 2017}) 14. g4 {LiveBook: 9 Games} Na6 $1 15. g5 hxg5 $146 ({Predecessor:} 15... Ne4 16. Nxe4 fxe4 17. gxh6 {½-½ (43) Filip,L (2440)-Stets,D (2416) Avoine 2016}) 16. Nxg5+ Kh8 17. Qc2 c6 18. O-O-O (18. Rg1 $16) 18... Nb4 $11 19. Qb3 Qc7 (19... cxd5 $14 20. cxd5 Qb6) 20. Kb1 $2 (20. dxc6 $1 $16 bxc6 21. a3) 20... Bd7 $2 (20... f4 $1 $11 {and Black has nothing to worry.} 21. Ne6 Bxe6 22. dxe6 Bh6) 21. Rhg1 (21. f4 $1 $18) 21... Rae8 (21... f4 $1 $14 22. Ne6 Bxe6 23. dxe6 Bh6) 22. Bc1 ({Better is} 22. f4 $1 $18) 22... Na6 23. Qc2 (23. f4 $18) 23... Nc5 $2 (23... Nb4 $11 {and Black is okay.} 24. Qd2 f4) 24. Rg2 b5 (24... f4 $16 {might work better.} 25. Rdg1 Re7) 25. Rdg1 (25. cxb5 $18 cxb5 26. Rdg1 (26. Bxb5 Rb8 $16) (26. Nxb5 Qb8 $16)) 25... Re7 (25... b4 $16) 26. Qd2 $2 (26. cxb5 Nxd5 27. Nxd5 cxd5 $16) (26. Nf3 $18) 26... b4 27. Nd1 $2 (27. Nf7+ $2 Rfxf7 28. Nd1 f4 $19) (27. f4 $1 $11) 27... cxd5 ({Black should play} 27... f4 $17 28. Qc2 Qc8) 28. cxd5 ({White must play} 28. Nf3 $1 $15 Be8 29. Nh4 (29. cxd5 Nce4 $17) (29. Qg5 f4 $17)) 28... Nce4 $2 (28... f4 $17 {aiming for ...Bf5+.} 29. Qc2 Rc8) 29. Nxe4 Nxe4 30. Qc2 $2 {[%mdl 8192]} (30. Qe1 $1 $11 f4 31. Bd3) 30... Qxc2+ $19 31. Kxc2 f4 32. Bg4 Nf6 $2 (32... Bb5 $19 {is more deadly.} 33. Kb1 Bd3+ 34. Ka1 Rc7) 33. Bxd7 $17 Rxd7 34. Bd2 (34. Kb1 $17) 34... Nxd5 35. f3 (35. Kd3 $142) 35... Rc8+ $19 36. Kd3 Nf6 37. Rg5 Rc5 38. Nf2 Rd5+ (38... Rdc7 $19 39. R1g2 Rc4) 39. Ke2 Rc7 40. Nd3 Kh7 41. Nf2 $2 {[#]} (41. Rf5 {is more resistant.}) 41... Bh6 $1 42. Rf5 Rc2 $1 {[%csl LRb2,LRd2]} 43. Nd3 Bg7 $2 (43... e4 $19 {and Black stays clearly on top.} 44. Rxd5 Nxd5) 44. Rfg5 $17 Bh8 $36 {[%mdl 2048] Black has strong initiative.} 45. h4 Rd4 {Strongly threatening ...a4.} 46. Kd1 {[#]} Rc7 $1 ({Don't play} 46... Rxd3 $6 47. Kxc2 Rxf3 48. Be1 $11) 47. Nf2 Bg7 48. Ng4 Nxg4 49. R1xg4 Bh6 50. Rf5 $2 (50. Rg6) 50... e4 $19 51. fxe4 {[#]} f3 $1 {[%mdl 512]} 52. Rgg5 (52. Rxf3 Rxd2+) 52... Bxg5 53. hxg5 Rxe4 (53... Rd3 $142 54. Rf6 Rc4 55. Rh6+ Kg7) 54. Rxf3 {[%mdl 4096] Endgame KRR-KRB} Rd4 55. a3 $2 (55. Rf4 Rxf4 56. Bxf4) 55... Rc5 56. axb4 axb4 {[%cal Ba5b4,Bb4b3][%mdl 32]} 57. Rg3 Kg6 58. Rg2 b3 59. Ke1 Rc2 60. Rf2 Re4+ (60... Rxb2 $142 61. Rf6+ Kh5 62. Rh6+ Kg4 63. Bc3 Re4+ 64. Kd1 Rc2 65. Bg7 Rf4 66. Rh1 Rff2 67. g6 Kf5 68. Ba1 Rfd2+ 69. Ke1 Kxg6 70. Rg1+ Rg2 71. Rxg2+ Rxg2 72. Kd1 b2 73. Bxb2 Rxb2 74. Ke1 Kf5 75. Kd1 Ke4 76. Kc1 Rh2 77. Kd1 Ke3 78. Kc1 Kd3 79. Kb1 Kc3 80. Ka1 Kb3 81. Kb1 Rh1#) 61. Kd1 Rxb2 {Black mates.} 62. Rf6+ Kh5 63. Rh6+ Kg4 64. Bc3 Rc2 65. Bf6 Rf4 {[%cal Rf4f1]} 66. Rh1 Kf5 {Precision: White = 26%, Black = 39%.} 0-1

[Event "Elitserien Allsvenskan 2017-18"]
[Site "Lund"]
[Date "2017.10.22"]
[Round "3"]
[White "Sammalvuo, Tapani"]
[Black "Jobava, Baadur"]
[Result "0-1"]
[WhiteElo "2415"]
[BlackElo "2705"]
[Annotator "TA"]
[PlyCount "80"]
[EventDate "2017.??.??"]
[EventCountry "SWE"]
[SourceTitle "playchess.com"]
[Source "ChessBase"]
[SourceQuality "1"]

{[%evp 9,80,10,119,-5,-6,-28,60,49,62,22,48,41,32,-4,0,-6,22,17,18,0,105,101,108,112,95,98,94,92,203,0,66,0,216,204,211,7,8,-17,-16,-30,-31,-73,-62,-104,-104,-81,0,-166,-166,-347,-338,-408,-366,-353,-95,-1621,-1591,-1672,-1648,-1654,-1654,-1532,-1529,-1463,-1458,-29985,-5014,-3462,-3014,-2386,-2324,-5256,-1206]} 1. d4 d5 2. c4 c6 3. Nf3 Nf6 4. Nc3 dxc4 5. a4 g6 {LiveBook: 4 Games} (5... e6 $11) 6. Ne5 {D16: Slav Defence: 5 a4: Lines with 5...Bg4 and 5...Na6} ({White should try} 6. e4 $16) (6. e4 Bg4 7. Be3 Bg7 8. Bxc4 O-O 9. h3 Bxf3 10. Qxf3 Ne8 11. Rd1 Kh8 12. h4 h6 13. e5 e6 {1-0 (49) Sasikiran,K (2657)-Bellon Lopez,J (2428) Caleta 2005}) 6... Bg7 $11 7. e4 Nbd7 (7... c5 $11) 8. Nxc4 $14 {White is slightly better.} O-O 9. a5 $146 ({Predecessor:} 9. Be2 Nb6 10. Ne5 Nbd7 11. f4 c5 12. Be3 cxd4 13. Bxd4 Nxe5 14. Bxe5 Qa5 15. O-O Rd8 16. Qe1 Qb4 17. Bf3 Be6 18. Kh1 Bc4 19. Rf2 Ne8 {½-½ (19) Ramos,E (2042)-Jimenez,M (2141) San Jose 2004}) 9... Ne8 {[%cal Bf6e8,Be8c7,Bc7e6][%mdl 32]} 10. Bg5 Nc7 11. Qd2 Ne6 12. Be3 f5 13. exf5 gxf5 14. d5 f4 (14... cxd5 $11 {keeps the balance.} 15. Nxd5 Nf6 16. Nxf6+ Bxf6) 15. dxe6 $16 fxe3 16. Qxe3 Nf6 {White must now prevent ...Ng4.} 17. Bd3 Nd5 18. Qe4 {[%csl Gd3][%cal Re4h7]} Nf6 (18... Rf6 $16 {keeps fighting.} 19. Qxh7+ Kf8) 19. Qe3 (19. Qf5 $18) 19... Nd5 $1 $14 {[%cal Rd5e3]} 20. Qe4 (20. Qh3 $14 h6 21. Ne2) 20... Nf6 $18 21. Qf5 Qd4 22. h3 $2 ({Better is} 22. f4 $1 $18) 22... Qh4 $1 $11 23. g3 Qh6 $1 24. O-O {Hoping for Ne5.} Nd5 25. Qe4 Bxe6 26. Rfe1 Bf5 27. Qe2 Bxh3 (27... Qxh3 $17 {And now ...Nf4! would win.} 28. Bxf5 Qxf5) 28. Ne5 $2 {[#]} (28. Nxd5 $1 $11 {and White is okay.} cxd5 29. Ne5) 28... Nf4 $1 $19 {[%cal Rf4e2][%mdl 512]} 29. gxf4 $2 (29. Qe4) 29... Rxf4 30. f3 Qg5+ 31. Kf2 {Strongly threatening Rg1.} Bxe5 $2 $40 {[%mdl 128] [#] Black is out for blood.} ({Much less strong is} 31... Qg2+ 32. Ke3 $19) (31... Qh4+ $19 32. Ke3 Bh6) 32. Bc4+ $2 {[%mdl 8192]} (32. Bxh7+ $1 $17 {[%mdl 512]} Kxh7 33. Qxe5) 32... Kf8 {( -> ...Bd4+)} 33. Qxe5 {[#]} Qg2+ $1 34. Ke3 Rxf3+ 35. Kd4 Qf2+ 36. Re3 {[#]} c5+ $1 {[%mdl 512]} 37. Kd5 (37. Kxc5 Rf5) 37... Rd8+ (37... Rf5 $142 38. Qxf5+ Qxf5+ 39. Re5 Qd7+ 40. Ke4 Qd4+ 41. Kf3 Qxe5 42. Bd5 Qh2 43. Re1 Qg2+ 44. Ke3 Qxb2 45. Bf3 Qxc3+ 46. Kf2 Qxa5 47. Rd1 c4 48. Kg3 Qc3 49. Rh1 Rd8 50. Rg1 Rd2 51. Rf1 Bxf1 52. Kf4 Qf6+ 53. Kg4 Rd4+ 54. Be4 Rxe4+ 55. Kh5 Qh4#) 38. Kxc5 {Black is clearly winning.} Rf5 39. Qxf5+ Bxf5 40. Rae1 Qd2 {Precision: White = 21%, Black = 46%.} (40... Qxb2 $142 41. Bd5 Rc8+ 42. Kd4 Qd2+ 43. Ke5 Rxc3 44. Rxc3 Qxe1+ 45. Kxf5 Qxc3) 0-1

[Event "Elitserien Allsvenskan 2017-18"]
[Site "Lund"]
[Date "2017.10.22"]
[Round "3"]
[White "Lindgren, Philip"]
[Black "Johansson, Carl Fredrik"]
[Result "1-0"]
[WhiteElo "2380"]
[BlackElo "2217"]
[Annotator "NA"]
[PlyCount "67"]
[EventDate "2017.??.??"]
[EventCountry "SWE"]
[SourceTitle "playchess.com"]
[Source "ChessBase"]
[SourceQuality "1"]
[TimeControl "40/5400+30:1800+30"]

1. Nf3 {[%emt 0:00:00]} Nf6 {[%emt 0:04:56]} 2. d4 {[%emt 0:01:44]} g6 {[%emt 0:02:57]} 3. c4 {[%emt 0:02:38]} Bg7 {[%emt 0:00:08]} 4. Nc3 {[%emt 0:00:32]} O-O {[%emt 0:00:15]} 5. Bg5 {[%emt 0:03:13]} c5 {[%emt 0:03:18]} 6. d5 {[%emt 0:00:40]} h6 {[%emt 0:02:33]} 7. Bh4 {[%emt 0:00:40] LiveBook: 139 Games} d6 {[%emt 0:01:52]} 8. e3 {[%emt 0:00:51]} a6 {[%emt 0:06:06]} 9. Nd2 {[%emt 0:01:57] E61: King's Indian: Early deviations for White, including Smyslov System} Nbd7 {[%emt 0:02:59]} (9... e6 10. a4 exd5 11. cxd5 Nbd7 12. Be2 Qe7 13. O-O Ne5 14. h3 g5 15. Bg3 Bf5 {½-½ (45) Hansen,S (2590)-Van Kampen,R (2643) Germany 2016}) 10. a4 {[%emt 0:01:59]} Qa5 {[%emt 0:03:14]} 11. Be2 {[%emt 0:02:31]} Re8 {[%emt 0:03:20]} 12. O-O {[%emt 0:04:42]} e6 $146 {[%emt 0:02:05]} ({Predecessor:} 12... Nf8 13. Qc2 Rb8 14. f4 Ng4 15. Bxg4 Bxg4 16. e4 Bd7 {1-0 (35) Mendez Ataria,E (2400)-Faig,C (2185) Buenos Aires 1998}) 13. Qc2 {[%emt 0:03:58]} e5 {[%emt 0:06:20]} 14. e4 {[%emt 0:07:43]} Qc7 {[%emt 0:06:21]} 15. a5 {[%emt 0:03:41]} b6 {[%emt 0:01:47]} 16. Nb3 $16 {[%emt 0:01:53]} Rb8 {[%emt 0:02:29]} 17. Ra3 {[%emt 0:05:14]} Nf8 {[%emt 0:03:12]} 18. Rfa1 {[%emt 0:08:24]} g5 {[%emt 0:01:15]} 19. Bg3 {[%emt 0:00:19]} Nxe4 {[%emt 0:02:28]} 20. Nxe4 {[%emt 0:02:48]} f5 {[%emt 0:00:11]} 21. axb6 {[%emt 0:03:20]} Rxb6 {[%emt 0:01:05]} 22. h4 {[%emt 0:04:25]} fxe4 {[%emt 0:01:44]} 23. Bh5 {[%emt 0:03:55]} Rd8 {[%emt 0:00:38]} 24. hxg5 {[%emt 0:07:14]} hxg5 {[%emt 0:00:59]} 25. Nd2 {[%emt 0:01:11]} Qb7 {[%emt 0:08:34]} 26. Nxe4 {[%emt 0:05:35]} Rxb2 {[%emt 0:01:15]} 27. Qc1 {[%emt 0:01:46]} Nh7 {[%emt 0:08:12]} 28. Rf3 {[%emt 0:06:12]} g4 {[%emt 0:03:40]} 29. Rf7 {[%emt 0:01:49]} Qb3 {[%emt 0:00:41]} 30. Bg6 {[%emt 0:05:51]} Re2 {[%emt 0:09:48]} 31. Bxh7+ {[%emt 0:02:51]} Kxf7 {[%emt 0:01:32]} 32. Qg5 {[%emt 0:00:19]} Qb6 {[%emt 0:02:54]} 33. Bh4 {[%emt 0:01:06]} Rd7 {[%emt 0:01:59]} 34. Qf5+ {[%emt 0:00:32]} 1-0

[Event "Elitserien Allsvenskan 2017-18"]
[Site "Lund"]
[Date "2017.10.22"]
[Round "3"]
[White "Ernst, Thomas"]
[Black "Pantsulaia, Levan"]
[Result "0-1"]
[WhiteElo "2371"]
[BlackElo "2586"]
[Annotator "TA"]
[PlyCount "72"]
[EventDate "2017.??.??"]
[EventCountry "SWE"]
[SourceTitle "playchess.com"]
[Source "ChessBase"]
[SourceQuality "1"]

{[%evp 19,72,65,80,40,34,47,41,23,27,13,47,18,15,0,6,-7,-11,-22,2,0,16,0,27,31,31,-17,-7,-53,-39,-136,-70,-67,-64,-93,-80,-168,-133,-137,-139,-149,-137,-133,-144,-145,-153,-214,-159,-158,-146,-158,-152,-169,-169,-173,-144]} 1. e4 c5 2. Nf3 {[%cal Bg1f3,Bf3d4,Bd4f5,Bf5e3,Be3d5][%mdl 32]} e6 3. d4 cxd4 4. Nxd4 a6 5. Bd3 Nf6 6. O-O e5 7. Bg5 {B42: Sizilianisch (Paulsen-Variante)} h6 8. Bxf6 Qxf6 9. Nf5 g6 10. Ne3 Bc5 {LiveBook: 32 Partien} 11. Nd5 Qd8 $1 12. b4 Ba7 13. Nd2 $146 ({Vorgänger:} 13. a4 d6 14. a5 Be6 15. Bc4 O-O 16. Qd3 Nc6 17. c3 Ne7 18. Nd2 Rc8 19. Rac1 Kg7 20. Kh1 Nxd5 21. Bxd5 Qe7 {½-½ (21) Caruana,F (2727)-Nakamura,H (2758) Reggio Emilia 2012}) 13... d6 14. Nc4 O-O 15. Kh1 Nc6 16. c3 Be6 17. Nce3 Rc8 18. Rc1 Kg7 19. Bc4 Nb8 {[#] Und ...Lxe3 würde nun gewinnen.} 20. Bb3 Nd7 21. Qd3 Qg5 22. Nc4 Bxd5 23. exd5 (23. Qxd5 {looks sharper.} Rc6 24. Nxd6 Nf6 25. Nxf7 Qxc1 26. Rxc1 Nxd5 27. exd5 Rf6 28. Nxe5 Rxf2 29. Nf3) 23... Qe7 24. f4 {[#]} (24. f3 $15) 24... e4 ({Lieber} 24... exf4 $1 $17 {Und weiter mit ...b5 wäre nett.} 25. Rce1 Qf6) 25. Qe2 $15 f5 26. a4 Rc7 27. Qd2 (27. Ne3 $17) 27... Rfc8 {Schwarz steht deutlich besser.} 28. Ne3 Qf6 $36 {[%cal Rc7c3][%mdl 2048] Weiss steht unter starkem Druck.} 29. c4 Qd4 30. Qxd4+ Bxd4 31. Nc2 Bc3 32. a5 (32. Rb1 $17 {war angesagt.}) 32... Bd2 33. Rb1 Rxc4 34. Bxc4 Rxc4 35. Rb2 Nf6 {[%mdl 1024] Schwarz hat starke Kompensation.} 36. b5 Nxd5 {Precision: Weiß = 35%, Schwarz = 73%.} 0-1

[Event "Elitserien Allsvenskan 2017-18"]
[Site "Lund"]
[Date "2017.10.22"]
[Round "3"]
[White "Lokander, Martin"]
[Black "Barkhagen, Jonas"]
[Result "1/2-1/2"]
[WhiteElo "2368"]
[BlackElo "2421"]
[Annotator "TA"]
[PlyCount "60"]
[EventDate "2017.??.??"]
[EventCountry "SWE"]
[SourceTitle "playchess.com"]
[Source "ChessBase"]
[SourceQuality "1"]

{[%evp 25,60,46,59,47,43,30,30,33,33,33,34,24,35,21,23,9,11,0,0,0,0,0,0,0,0,0,0,0,0,0,0,0,0,0,0,0,0]} 1. Nf3 Nf6 2. c4 b6 3. g3 c5 4. Bg2 Bb7 5. O-O g6 6. b3 Bg7 7. Bb2 O-O 8. Nc3 Nc6 9. d4 Nxd4 10. Nxd4 Bxg2 11. Kxg2 cxd4 12. Qxd4 Ne8 {A30: Symmetrical English: Double Fianchetto and Hedgehog} (12... d6 13. e4 a6 14. Nd5 Rb8 15. a4 Qd7 16. Rfd1 Qb7 17. Rd2 Rfc8 18. Kg1 Rc5 19. Re1 Rbc8 20. Qe3 Nxd5 21. exd5 Bxb2 22. Rxb2 {1-0 (36) Artemiev,V (2692)-Andreikin,D (2708) Sochi 2017}) 13. Qd2 Nc7 {LiveBook: 3 Games} 14. Rfd1 d6 {White is slightly better.} 15. Nd5 Bxb2 16. Qxb2 Nxd5 17. Rxd5 Rc8 $146 18. h4 h5 19. a4 (19. Qd2 {with more complications.} Rc5 20. Rd4 Qd7 21. a4 Qc6+ 22. f3) 19... Rc5 20. Qd2 (20. e4 {keeps more tension.} Qc7 21. Re1 Rxd5 22. exd5 Re8 23. Qc3) 20... Rxd5 {The position is equal.} 21. cxd5 $11 {[%mdl 4096] Endgame KQR-KQR} Qd7 22. Rc1 Rc8 23. e4 Rc7 24. Rxc7 Qxc7 {KQ-KQ} 25. Qd3 Qc1 26. Qc4 Qe1 27. Kf3 Qd1+ 28. Kg2 Qe1 29. Kf3 Qd1+ 30. Kg2 Qe1 {Precision: White = 31%, Black = 80%.} 1/2-1/2